[Event "Brighton e2e4 Masters-A"]
[Site "Brighton"]
[Date "2011.02.25"]
[Round "5"]
[White "Dunworth, Christopher"]
[Black "Josse, Mark"]
[Result "1/2-1/2"]
[WhiteElo "2288"]
[BlackElo "2159"]
[PlyCount "81"]
[EventDate "2011.02.23"]
[EventType "tourn"]
[EventRounds "9"]
[EventCountry "ENG"]
[SourceTitle "CBM 141 Extra"]
[Source "ChessBase"]
[SourceDate "2011.05.03"]
[SourceVersion "1"]
[SourceVersionDate "2011.05.03"]
[SourceQuality "1"]

1. e4 c5 2. Nc3 Nc6 3. Bb5 Nd4 4. Bc4 e6 5. Nge2 Nf6 6. d3 d5 7. Bb3 Nxb3 8. axb3 dxe4 9. dxe4 Qxd1+ 10. Kxd1 Bd7 11. f3 Bc6 12. Be3 Be7 13. Nf4 b6 14. Ke2 Kd7 15. Nd3 Kc7 16. Ne5 Be8 17. Nc4 Kb7 18. Bf4 Rd8 19. Rhd1 Rxd1 20. Rxd1 Bc6 21. Bd6 Bd8 22. Be5 Bc7 23. Nd6+ Bxd6 24. Rxd6 h5 25. g3 Rg8 26. Bxf6 gxf6 27. Ke3 Kc7 28. Rd1 Rg5 29. Kf4 Rg8 30. Rd2 Rg7 31. Ke3 Rg8 32. Ne2 Rh8 33. h4 Rg8 34. Kf2 Rh8 35. Nf4 Bd7 36. Ke3 Bb5 37. Rh2 Kd6 38. Rd2+ Ke7 39. Rd1 a5 40. Rh1 Kd6 41. Rd1+ 1/2-1/2

[Event "EU-Cup 17th"]
[Site "Panormo"]
[Date "2001.09.27"]
[Round "5.3"]
[White "Barber, Haydn J"]
[Black "Dunworth, Christopher"]
[Result "0-1"]
[WhiteElo "2319"]
[BlackElo "2289"]
[PlyCount "80"]
[EventDate "2001.09.22"]
[EventType "team-swiss"]
[EventRounds "7"]
[EventCountry "GRE"]
[SourceTitle "CBM 084 Extra"]
[Source "ChessBase"]
[SourceDate "2001.10.26"]
[SourceVersion "1"]
[SourceVersionDate "2001.10.26"]
[SourceQuality "1"]
[WhiteTeam "Bray"]
[BlackTeam "Monmouth"]
[WhiteTeamCountry "IRL"]
[BlackTeamCountry "WLS"]

1. f4 g6 2. Nf3 Bg7 3. g3 d6 4. Nc3 e5 5. d3 Nc6 6. Bg2 Nge7 7. 0-0 0-0 8. e4 Nd4 9. Be3 Bg4 10. Qd2 Qd7 11. Nh4 c6 12. Kh1 Kh8 13. Nd1 exf4 14. Bxf4 f5 15. Nf2 fxe4 16. Nxe4 d5 17. Nc5 Qc8 18. Rae1 Ng8 19. Be5 Rxf1+ 20. Bxf1 Bxe5 21. Rxe5 Qf8 22. Qf4 Qxf4 23. gxf4 b6 24. Nb3 Nxb3 25. cxb3 Rf8 26. f5 Bxf5 27. Be2 Bd7 28. Kg1 Re8 29. Nf3 Kg7 30. b4 Rxe5 31. Nxe5 Be8 32. d4 Ne7 33. Bg4 h5 34. Bh3 g5 35. Kf2 g4 36. Bf1 Nf5 37. Bd3 Nxd4 38. Ke3 Ne6 39. Bf5 Kf6 40. Bxe6 Kxe5 0-1

[Event "EU-Cup 17th"]
[Site "Panormo"]
[Date "2001.09.24"]
[Round "2.3"]
[White "Dunworth, Christopher"]
[Black "Borriss, Martin"]
[Result "0-1"]
[WhiteElo "2289"]
[BlackElo "2445"]
[PlyCount "76"]
[EventDate "2001.09.22"]
[EventType "team-swiss"]
[EventRounds "7"]
[EventCountry "GRE"]
[SourceTitle "CBM 084 Extra"]
[Source "ChessBase"]
[SourceDate "2001.10.26"]
[SourceVersion "1"]
[SourceVersionDate "2001.10.26"]
[SourceQuality "1"]
[WhiteTeam "Monmouth"]
[BlackTeam "Berlin SF"]
[WhiteTeamCountry "WLS"]
[BlackTeamCountry "GER"]

1. d4 Nf6 2. Bg5 Ne4 3. Bf4 c5 4. f3 Qa5+ 5. c3 Nf6 6. d5 Qb6 7. Bc1 e6 8. c4 Qb4+ 9. Nc3 Qxc4 10. e4 Qb4 11. Bd2 Qb6 12. Bc4 d6 13. Nge2 e5 14. f4 Nbd7 15. 0-0 a6 16. Ng3 Qd8 17. a4 g6 18. Ra3 Bh6 19. f5 Bxd2 20. Qxd2 Rg8 21. fxg6 fxg6 22. Nd1 Rf8 23. Raf3 Ng8 24. h3 Rxf3 25. Rxf3 Ndf6 26. Nc3 Bd7 27. Qf2 Kf7 28. Nh1 Kg7 29. g4 h6 30. Qf1 Qb6 31. b3 Rf8 32. Nf2 Qd8 33. Nfd1 Qa5 34. Ne3 Nh7 35. Rxf8 Nxf8 36. Qd3 Nh7 37. Kg2 Ngf6 38. Kg3 Qxc3 0-1

[Event "ENG County-ch"]
[Site "Gaddesby"]
[Date "2001.05.19"]
[Round "1.2"]
[White "Webb, Richard M"]
[Black "Dunworth, Christopher"]
[Result "1/2-1/2"]
[WhiteElo "219"]
[BlackElo "218"]
[PlyCount "100"]
[EventDate "2001.??.??"]
[EventType "team-tourn"]
[EventRounds "1"]
[EventCountry "ENG"]
[SourceTitle "EXT 2004"]
[Source "ChessBase"]
[SourceDate "2003.11.25"]
[SourceVersion "1"]
[SourceVersionDate "2003.11.25"]
[SourceQuality "1"]

1. e4 g6 2. d4 Bg7 3. Nc3 c6 4. Nf3 d5 5. h3 dxe4 6. Nxe4 Nd7 7. Bd3 Ngf6 8. 0-0 Nxe4 9. Bxe4 Nf6 10. Bd3 0-0 11. Re1 a5 12. Bf4 Qb6 13. c4 Re8 14. Qd2 a4 15. Be5 Bd7 16. Re2 Qa5 17. Qf4 a3 18. b3 Nh5 19. Qh4 Qc3 20. Rd1 Bf6 21. Qe4 Rad8 22. Qe3 Bg7 23. Bxg7 Kxg7 24. Qe5+ Nf6 25. Qc5 Ra8 26. Qe5 Qa5 27. Qf4 Qd8 28. Rde1 Ra5 29. Ne5 Be6 30. g4 Qd6 31. c5 Qd8 32. Bc4 Nd5 33. Qd2 Ra8 34. f4 Qa5 35. Qxa5 Rxa5 36. Bxd5 Bxd5 37. Nd7 Be6 38. Ne5 Rd8 39. Re4 Kf8 40. Kf2 Bd5 41. R4e3 Rb5 42. Rc3 Rb4 43. Ke3 Be6 44. Rd1 Rb5 45. Rd2 Ra8 46. Rdd3 Kg7 47. Kd2 Kf6 48. Nc4 Bxc4 49. Rxc4 e6 50. Kc3 Rba5 1/2-1/2

[Event "BCF-chT 0001 (4NCL)"]
[Site "Birmingham"]
[Date "2001.05.07"]
[Round "11.4"]
[White "Knott, Simon JB"]
[Black "Dunworth, Christopher"]
[Result "1-0"]
[WhiteElo "2373"]
[BlackElo "2287"]
[PlyCount "107"]
[EventDate "2000.09.??"]
[EventType "team-tourn"]
[EventRounds "11"]
[EventCountry "ENG"]
[SourceTitle "EXT 2002"]
[Source "ChessBase"]
[SourceDate "2001.11.25"]
[SourceVersion "1"]
[SourceVersionDate "2001.11.25"]
[SourceQuality "1"]
[WhiteTeam "Barbican"]
[BlackTeam "WR"]
[WhiteTeamCountry "ENG"]
[BlackTeamCountry "ENG"]

1. c4 b6 2. b3 Bb7 3. Bb2 e6 4. Nf3 Nf6 5. e3 Be7 6. d4 Ne4 7. Bd3 Bb4+ 8. Ke2 f5 9. a3 Be7 10. Nbd2 0-0 11. Re1 Qe8 12. Nf1 Qg6 13. Ng3 d6 14. Kf1 Nd7 15. Nd2 Ndf6 16. Ndxe4 fxe4 17. Be2 Qg5 18. Kg1 Rf7 19. a4 a5 20. Bc3 Raf8 21. b4 axb4 22. Bxb4 c5 23. dxc5 bxc5 24. Bc3 Nd7 25. Rf1 Ne5 26. Rb1 Ba8 27. Rb6 Nf3+ 28. gxf3 exf3 29. Bd3 Qh4 30. Re1 Bf6 31. Bxf6 Rxf6 32. Bf1 d5 33. Qb1 Rh6 34. h3 Qd8 35. cxd5 Bxd5 36. e4 Ba8 37. Kh2 Qd2 38. Rb2 Qf4 39. Qc1 Qe5 40. Rb5 Rc8 41. Qb2 Qd6 42. e5 Qf8 43. Rc1 Rh4 44. Rc4 Rxc4 45. Bxc4 Bd5 46. Qc3 g6 47. Bxd5 exd5 48. Rb7 c4 49. e6 h5 50. Rf7 Qh6 51. Qf6 c3 52. Nxh5 c2 53. Rg7+ Kh8 54. Rc7+ 1-0

[Event "BCF-chT 0001 (4NCL)"]
[Site "Birmingham"]
[Date "2001.05.06"]
[Round "10.4"]
[White "Dunworth, Christopher"]
[Black "Eames, Robert"]
[Result "1/2-1/2"]
[WhiteElo "2287"]
[BlackElo "2307"]
[PlyCount "81"]
[EventDate "2000.09.??"]
[EventType "team-tourn"]
[EventRounds "11"]
[EventCountry "ENG"]
[SourceTitle "EXT 2002"]
[Source "ChessBase"]
[SourceDate "2001.11.25"]
[SourceVersion "1"]
[SourceVersionDate "2001.11.25"]
[SourceQuality "1"]
[WhiteTeam "WR"]
[BlackTeam "Midland Monarchs"]
[WhiteTeamCountry "ENG"]
[BlackTeamCountry "ENG"]

1. d4 Nf6 2. Bg5 Ne4 3. Bf4 c5 4. f3 Qa5+ 5. c3 Nf6 6. d5 Qb6 7. Bc1 e6 8. e4 exd5 9. exd5 Bd6 10. Bc4 0-0 11. Ne2 Qc7 12. g3 Re8 13. Kf2 b5 14. Bxb5 c4 15. Nd4 Bb7 16. Re1 Rxe1 17. Qxe1 Bxd5 18. Bg5 Nc6 19. Bxf6 gxf6 20. Bxc6 dxc6 21. Nd2 Qb6 22. Rb1 Be5 23. Qe3 Rd8 24. Nc2 c5 25. Qh6 Be6 26. Na3 Rd3 27. Ndxc4 Qd8 28. Re1 Bc7 29. Re3 Rd1 30. Re1 Rxe1 31. Kxe1 Qd3 32. Qxf6 Bxc4 33. Qg5+ Kh8 34. Qf6+ Kg8 35. Qg5+ Kh8 36. Qf6+ Kg8 37. Qg5+ Kh8 38. Qf6+ Kg8 39. Qg5+ Kh8 40. Qf6+ Kg8 41. Qg5+ 1/2-1/2

[Event "West Wales op"]
[Site "Swansea"]
[Date "2000.10.08"]
[Round "4"]
[White "Jones, Iolo Cerredig"]
[Black "Dunworth, Christopher"]
[Result "0-1"]
[WhiteElo "2277"]
[BlackElo "2277"]
[PlyCount "136"]
[EventDate "2000.10.??"]
[EventType "swiss"]
[EventRounds "5"]
[EventCountry "WLS"]
[SourceTitle "EXT 2004"]
[Source "ChessBase"]
[SourceDate "2003.11.25"]
[SourceVersion "1"]
[SourceVersionDate "2003.11.25"]
[SourceQuality "1"]

1. Nf3 d6 2. d4 Bg4 3. e4 Nf6 4. Nbd2 e6 5. c3 c6 6. Be2 d5 7. Ne5 Bxe2 8. Qxe2 a6 9. 0-0 Be7 10. Ng4 Nxe4 11. Nxe4 dxe4 12. Ne5 Nd7 13. Nxd7 Qxd7 14. Qxe4 0-0 15. Bf4 Qd5 16. Rfe1 Qxe4 17. Rxe4 Rfd8 18. Rae1 Rd7 19. Kf1 Rad8 20. Ke2 Kf8 21. Rd1 c5 22. Rd2 cxd4 23. Rexd4 Rxd4 24. Rxd4 Rxd4 25. cxd4 Ke8 26. Kd3 Kd7 27. h3 Bd6 28. Bd2 Kc6 29. Kc4 b5+ 30. Kd3 Kd5 31. b3 f5 32. f4 Be7 33. g3 h6 34. h4 g6 35. Ke3 Ba3 36. Kd3 Bb2 37. Bc3 Bxc3 38. Kxc3 Ke4 39. a4 bxa4 40. bxa4 Kf3 41. Kb4 Kxg3 42. Ka5 Kxf4 43. Kxa6 g5 44. hxg5 hxg5 45. a5 g4 46. Kb5 g3 47. a6 g2 48. a7 g1Q 49. a8Q Qxd4 50. Qf8 Kf3 51. Qh6 Qd5+ 52. Kb4 f4 53. Qh3+ Ke4 54. Qg4 Qd4+ 55. Kb5 e5 56. Qg6+ Kf3 57. Qh5+ Ke3 58. Qg5 Qb2+ 59. Kc6 Qc1+ 60. Kd5 e4 61. Qh6 Qd1+ 62. Ke5 Qa1+ 63. Kf5 Qf1 64. Qb6+ Kf3 65. Qb3+ Qd3 66. Qb7 Kf2 67. Kxf4 Qf3+ 68. Kg5 Qg3+ 0-1

[Event "West Wales op"]
[Site "Swansea"]
[Date "2000.10.07"]
[Round "2"]
[White "Binks, Michael"]
[Black "Dunworth, Christopher"]
[Result "0-1"]
[WhiteElo "2155"]
[BlackElo "2277"]
[PlyCount "46"]
[EventDate "2000.10.??"]
[EventType "swiss"]
[EventRounds "5"]
[EventCountry "WLS"]
[SourceTitle "EXT 2004"]
[Source "ChessBase"]
[SourceDate "2003.11.25"]
[SourceVersion "1"]
[SourceVersionDate "2003.11.25"]
[SourceQuality "1"]

1. d4 g6 2. Nf3 Bg7 3. Bf4 f5 4. Nbd2 Nf6 5. h3 0-0 6. e3 b6 7. Bd3 Bb7 8. c3 e6 9. Qe2 Nc6 10. 0-0-0 Ne7 11. Rdg1 Ned5 12. Bh2 Qe7 13. Kb1 Rac8 14. Ba6 Bxa6 15. Qxa6 d6 16. Qa4 b5 17. Qxb5 Nxc3+ 18. bxc3 Rb8 19. Qxb8 Rxb8+ 20. Kc2 Qd7 21. Rb1 Qa4+ 22. Nb3 Ne4 23. Rhc1 Qc4 0-1

[Event "South Wales Masters 5th"]
[Site "Monmouth"]
[Date "2000.07.19"]
[Round "6"]
[White "Dunworth, Christopher"]
[Black "Buckley, Simon T"]
[Result "1/2-1/2"]
[WhiteElo "2293"]
[BlackElo "2237"]
[PlyCount "54"]
[EventDate "2000.07.16"]
[EventType "tourn"]
[EventRounds "9"]
[EventCountry "WLS"]
[EventCategory "2"]
[SourceTitle "EXT 2001"]
[Source "ChessBase"]
[SourceDate "2000.11.22"]
[SourceVersion "1"]
[SourceVersionDate "2000.11.22"]
[SourceQuality "1"]

1. d4 Nf6 2. Nf3 g6 3. Nc3 d5 4. Bf4 Bg7 5. e3 0-0 6. Be2 c5 7. Ne5 Nc6 8. Nxc6 bxc6 9. Na4 Nd7 10. 0-0 cxd4 11. exd4 f6 12. c3 e5 13. Be3 Qe7 14. Qd2 Re8 15. Rfe1 e4 16. b3 f5 17. f3 Nf6 18. Nc5 f4 19. Bxf4 e3 20. Qc1 Nh5 21. Nd3 Bf5 22. Bg3 Nxg3 23. hxg3 Qg5 24. Kh2 Qh5+ 25. Kg1 Qg5 26. Kh2 Qh5+ 27. Kg1 Qg5 1/2-1/2

[Event "South Wales Masters 5th"]
[Site "Monmouth"]
[Date "2000.07.18"]
[Round "5"]
[White "Panczyk, Krzysztof"]
[Black "Dunworth, Christopher"]
[Result "0-1"]
[WhiteElo "2338"]
[BlackElo "2293"]
[PlyCount "140"]
[EventDate "2000.07.16"]
[EventType "tourn"]
[EventRounds "9"]
[EventCountry "WLS"]
[EventCategory "2"]
[SourceTitle "EXT 2001"]
[Source "ChessBase"]
[SourceDate "2000.11.22"]
[SourceVersion "1"]
[SourceVersionDate "2000.11.22"]
[SourceQuality "1"]

1. d4 Nf6 2. c4 e6 3. Nc3 Bb4 4. e3 b6 5. Bd3 Bb7 6. Nf3 Ne4 7. 0-0 f5 8. Ne2 Bd6 9. b3 0-0 10. Bb2 Rf6 11. Ne5 Rh6 12. f3 Qh4 13. fxe4 fxe4 14. Bc2 Qxh2+ 15. Kf2 Nc6 16. Nf4 Nxe5 17. dxe5 Bc5 18. Bd4 Rf8 19. Bxc5 bxc5 20. Ke1 Qg3+ 21. Kd2 g5 22. Ne2 Qxe5 23. Rxf8+ Kxf8 24. Qg1 Qd6+ 25. Ke1 Qe5 26. Rd1 d5 27. Kd2 Rf6 28. Rf1 Rxf1 29. Qxf1+ Kg7 30. Qf2 h5 31. Bd1 Ba6 32. Ng3 Qb2+ 33. Ke1 Qxf2+ 34. Kxf2 h4 35. Ne2 Kf6 36. Nc3 Ke5 37. Na4 Kd6 38. Be2 Bc8 39. Nc3 Bd7 40. Bg4 c6 41. Kg1 Be8 42. g3 hxg3 43. Kg2 Ke5 44. Kxg3 Bg6 45. Na4 Kd6 46. Be2 Bf5 47. Bd1 d4 48. Bh5 Ke5 49. Nxc5 dxe3 50. Be2 Kd4 51. Na4 c5 52. a3 a5 53. Bf1 e5 54. Be2 Bd7 55. Nb6 Be8 56. Na4 Bd7 57. Nb6 Bc6 58. Nd5 Bxd5 59. cxd5 Kxd5 60. Kg4 a4 61. bxa4 c4 62. Kg3 c3 63. Bd1 e2 64. Bb3+ Kd4 65. Kf2 Kd3 66. Ke1 g4 67. a5 g3 68. Bc2+ Ke3 69. Bxe4 g2 70. Bxg2 c2 0-1

[Event "South Wales Masters 5th"]
[Site "Monmouth"]
[Date "2000.07.16"]
[Round "1"]
[White "Dunworth, Christopher"]
[Black "Cobb, Charles"]
[Result "1/2-1/2"]
[WhiteElo "2293"]
[BlackElo "2265"]
[PlyCount "152"]
[EventDate "2000.07.16"]
[EventType "tourn"]
[EventRounds "9"]
[EventCountry "WLS"]
[EventCategory "2"]
[SourceTitle "EXT 2001"]
[Source "ChessBase"]
[SourceDate "2000.11.22"]
[SourceVersion "1"]
[SourceVersionDate "2000.11.22"]
[SourceQuality "1"]

1. d4 e6 2. e4 d5 3. Nd2 Be7 4. Ngf3 Nf6 5. Bd3 c5 6. exd5 Qxd5 7. dxc5 Nbd7 8. Nb3 a5 9. 0-0 0-0 10. a4 Nxc5 11. Nxc5 Qxc5 12. Re1 b6 13. b3 Bb7 14. Ba3 Qc7 15. Bb2 Qf4 16. Qd2 Qxd2 17. Nxd2 Bb4 18. Red1 Nd5 19. Nc4 Ba6 20. Bf1 h6 21. Ne5 Nc3 22. Rd4 Bxf1 23. Kxf1 Rfd8 24. Rxd8+ Rxd8 25. Nd3 e5 26. Nxb4 axb4 27. Bxc3 bxc3 28. b4 Kf8 29. a5 bxa5 30. bxa5 Ra8 31. a6 Ra7 32. Ke2 Ke7 33. Kd3 Kd6 34. Kxc3 Kc5 35. f3 Kb5 36. Kb3 f5 37. c4+ Kc5 38. Kc3 e4 39. Ra5+ Kb6 40. Rxf5 exf3 41. Rxf3 Kxa6 42. Kd4 Kb6 43. Re3 Rd7+ 44. Kc3 Kc5 45. Re5+ Kc6 46. h4 Rd6 47. g4 Rg6 48. g5 hxg5 49. Rxg5 Rh6 50. h5 Rh8 51. Kd4 Rd8+ 52. Ke4 Rd7 53. Kf5 Kd6 54. Kg6 Ke6 55. Rg2 Rc7 56. Re2+ Kd6 57. Re8 Kd7 58. Rg8 Rxc4 59. Rxg7+ Ke6 60. h6 Rg4+ 61. Kh7 Rh4 62. Rg3 Kf7 63. Rf3+ Ke7 64. Kg6 Rg4+ 65. Kh5 Rg1 66. h7 Rh1+ 67. Kg6 Rg1+ 68. Kh6 Rh1+ 69. Kg7 Rg1+ 70. Kh8 Rg2 71. Ra3 Kf7 72. Ra7+ Kf8 73. Ra8+ Kf7 74. Rg8 Rf2 75. Rg7+ Kf8 76. Rg3 Rf1 1/2-1/2

[Event "BCF-chT 9900 (4NCL)"]
[Site "Birmingham"]
[Date "2000.03.26"]
[Round "8.6"]
[White "Dunworth, Christopher"]
[Black "Franklin, Michael J"]
[Result "0-1"]
[WhiteElo "2307"]
[BlackElo "2239"]
[PlyCount "120"]
[EventDate "1999.10.??"]
[EventType "team-tourn"]
[EventRounds "11"]
[EventCountry "ENG"]
[SourceTitle "EXT 2000"]
[Source "ChessBase"]
[SourceDate "1999.11.16"]
[SourceVersion "1"]
[SourceVersionDate "1999.11.16"]
[SourceQuality "1"]
[WhiteTeam "SWR"]
[BlackTeam "Richmond"]
[WhiteTeamCountry "ENG"]
[BlackTeamCountry "ENG"]

1. d4 Nf6 2. Bg5 d6 3. Bxf6 exf6 4. g3 g6 5. Bg2 Bg7 6. e3 Nd7 7. Ne2 f5 8. Nd2 Nf6 9. Nf4 c6 10. c3 h5 11. h4 0-0 12. d5 c5 13. a4 Re8 14. a5 Qc7 15. Nc4 Bd7 16. Qb3 Ng4 17. Nd3 Rab8 18. 0-0 Bf8 19. Ra2 b5 20. axb6 axb6 21. Nf4 Ne5 22. Rfa1 Nxc4 23. Qxc4 b5 24. Qd3 b4 25. c4 Bg7 26. Qb3 Rb7 27. Bf3 Be5 28. Nd3 Bf6 29. Kg2 Kg7 30. Nc1 Reb8 31. Bd1 Qd8 32. Bf3 Qe7 33. Nd3 Qd8 34. Kf1 Kh6 35. Ke2 Qe7 36. Kd2 Be5 37. Ra6 Rc7 38. Nxe5 Qxe5 39. Qc2 f4 40. gxf4 Qf6 41. Rh1 Bf5 42. Qb3 Re7 43. Raa1 Rbe8 44. Rae1 Ra8 45. Bd1 Rea7 46. Bc2 Ra2 47. Rb1 R8a3 48. bxa3 Rxc2+ 49. Ke1 Rc3 50. Qd1 Bxb1 51. Qxb1 bxa3 52. Kd2 Rxc4 53. Qb3 Rb4 54. Qxa3 Rb2+ 55. Kd3 Rxf2 56. Qa1 Qf5+ 57. Kc4 Rc2+ 58. Kb5 Qc8 59. Qa7 Qe8+ 60. Kb6 Rb2+ 0-1

[Event "Newport"]
[Site "Newport"]
[Date "2000.??.??"]
[Round "9"]
[White "Dineley, Richard"]
[Black "Dunworth, Christopher"]
[Result "0-1"]
[WhiteElo "2263"]
[BlackElo "2307"]
[PlyCount "62"]
[EventDate "2000.??.??"]
[EventType "tourn"]
[EventRounds "9"]
[EventCountry "WLS"]
[SourceTitle "EXT 2001"]
[Source "ChessBase"]
[SourceDate "2000.11.22"]
[SourceVersion "1"]
[SourceVersionDate "2000.11.22"]
[SourceQuality "1"]

1. e4 g6 2. d4 Bg7 3. Nc3 d6 4. f4 a6 5. Nf3 b5 6. Bd3 Nd7 7. e5 e6 8. Be3 Ne7 9. Bf2 Bb7 10. Qe2 b4 11. Nd1 Nd5 12. Bg3 c5 13. Nf2 0-0 14. Ne4 dxe5 15. dxe5 Bh6 16. Nfg5 Nxe5 17. fxe5 Bxg5 18. 0-0 Ne3 19. Rf3 Nf5 20. Nxg5 Qxg5 21. Rxf5 exf5 22. Qf2 Rac8 23. Bf4 Qd8 24. Qg3 Qd4+ 25. Kh1 Kh8 26. h3 Rfe8 27. Re1 Rc6 28. b3 Rce6 29. Bg5 Kg8 30. Bf4 Be4 31. Bxa6 Rxa6 0-1

[Event "BCF-chT 9900 (4NCL)"]
[Site "Birmingham"]
[Date "1999.11.20"]
[Round "3.4"]
[White "Richardson, John R"]
[Black "Dunworth, Christopher"]
[Result "1/2-1/2"]
[WhiteElo "2315"]
[BlackElo "2308"]
[PlyCount "89"]
[EventDate "1999.10.??"]
[EventType "team-tourn"]
[EventRounds "11"]
[EventCountry "ENG"]
[SourceTitle "EXT 2000"]
[Source "ChessBase"]
[SourceDate "1999.11.16"]
[SourceVersion "1"]
[SourceVersionDate "1999.11.16"]
[SourceQuality "1"]
[WhiteTeam "The ADS"]
[BlackTeam "SWR"]
[WhiteTeamCountry "ENG"]
[BlackTeamCountry "ENG"]

1. d4 g6 2. e4 c6 3. Nc3 d6 4. Be3 Bg7 5. Qd2 Nd7 6. Nf3 b5 7. Bd3 Nb6 8. b3 Bg4 9. 0-0 Bxf3 10. gxf3 Nf6 11. Bh6 0-0 12. Bxg7 Kxg7 13. Kh1 e5 14. Ne2 Nh5 15. f4 Qf6 16. dxe5 dxe5 17. f5 Rad8 18. Qe3 Qd6 19. a4 bxa4 20. bxa4 Nd7 21. a5 Nf4 22. Bc4 Nc5 23. f3 f6 24. Nxf4 exf4 25. Qa3 Qd4 26. Ba2 Qe5 27. Rfd1 Rd4 28. c3 Rd6 29. Rxd6 Qxd6 30. Qb4 Rd8 31. Qc4 Qd3 32. Rf1 Qxc4 33. Bxc4 Rd2 34. Rb1 Rc2 35. Rb8 Rxc3 36. Rg8+ Kh6 37. Bf7 g5 38. Ra8 Rxf3 39. Rxa7 g4 40. Bg8 Ra3 41. Rxh7+ Kg5 42. Rg7+ Kh4 43. Rh7+ Kg5 44. Rg7+ Kh4 45. Rh7+ 1/2-1/2

[Event "BCF-chT2 9899 (4NCL)"]
[Site "England"]
[Date "1999.05.03"]
[Round "11.5"]
[White "Dunworth, Christopher"]
[Black "Tiller, Bjorn"]
[Result "0-1"]
[WhiteElo "2305"]
[BlackElo "2377"]
[PlyCount "186"]
[EventDate "1998.10.??"]
[EventType "team-tourn"]
[EventRounds "11"]
[EventCountry "ENG"]
[SourceTitle "EXT 2000"]
[Source "ChessBase"]
[SourceDate "1999.11.16"]
[SourceVersion "1"]
[SourceVersionDate "1999.11.16"]
[SourceQuality "1"]
[WhiteTeam "Coulsdon"]
[BlackTeam "Wood Green II"]
[WhiteTeamCountry "ENG"]
[BlackTeamCountry "ENG"]

1. d4 e6 2. e4 d5 3. e5 c5 4. c3 Nc6 5. Nf3 Qb6 6. a3 c4 7. Nbd2 Na5 8. Be2 Bd7 9. 0-0 0-0-0 10. Re1 Kb8 11. Nf1 Nb3 12. Rb1 f5 13. Ng3 Be8 14. h4 f4 15. Bxf4 Bg6 16. h5 Bxb1 17. Qxb1 Be7 18. Bd1 Rf8 19. Be3 Na5 20. Bc2 g6 21. hxg6 hxg6 22. Bxg6 Nh6 23. Kf1 Ng4 24. Ke2 Qd8 25. Rg1 Bh4 26. Nf1 Nc6 27. g3 Be7 28. Ne1 Bg5 29. f4 Bh6 30. Rh1 Ne7 31. Rh4 Nxe3 32. Nxe3 Rfg8 33. Rg4 Nxg6 34. Rxg6 Qe8 35. Rxg8 Qxg8 36. Kf2 Bxf4 37. gxf4 Rh3 38. N3g2 Qg3+ 39. Kg1 Qh2+ 40. Kf2 Qg3+ 41. Kg1 Qh2+ 42. Kf1 Qg3 43. Qc2 Rh1+ 44. Ke2 Rg1 45. Kd1 Kc7 46. Qe2 Kd8 47. a4 b6 48. Kc1 a6 49. Kb1 b5 50. axb5 axb5 51. Kc1 Ke7 52. Kd1 Kd8 53. Kc1 Ke7 54. Kd2 Kd8 55. Kd1 Ke7 56. Kd2 Kd8 57. Kc2 Ke7 58. Kb1 Kd8 59. Ka1 Ke7 60. Kb1 Kd8 61. Ka2 b4 62. cxb4 Qb3+ 63. Kb1 Qxb4 64. Qe3 Qa4 65. Qa3 Qd1+ 66. Ka2 Ke8 67. f5 exf5 68. Qa8+ Ke7 69. Qa7+ Kf8 70. Qc5+ Ke8 71. Qc6+ Kf8 72. Qf6+ Kg8 73. Qg5+ Kh8 74. Qh4+ Kg8 75. Qg3+ Kh8 76. Ka3 Qxd4 77. Qh3+ Kg8 78. Qxf5 Qb6 79. Qg4+ Kf8 80. Qf3+ Ke7 81. b4 Qa7+ 82. Kb2 Qd4+ 83. Qc3 Qf2+ 84. Ka3 Qa7+ 85. Kb2 Qf2+ 86. Qc2 Qd4+ 87. Ka2 Qxe5 88. Qh7+ Kd6 89. Qg6+ Kd7 90. Qf7+ Kc6 91. b5+ Kb6 92. Qd7 Rxe1 93. Qc6+ Ka5 0-1

[Event "BCF-chT2 9899 (4NCL)"]
[Site "England"]
[Date "1999.03.21"]
[Round "8.3"]
[White "Dunworth, Christopher"]
[Black "Kwiatkowski, Feliks Jerzy"]
[Result "1-0"]
[WhiteElo "2305"]
[BlackElo "2220"]
[PlyCount "149"]
[EventDate "1998.10.??"]
[EventType "team-tourn"]
[EventRounds "11"]
[EventCountry "ENG"]
[SourceTitle "EXT 2000"]
[Source "ChessBase"]
[SourceDate "1999.11.16"]
[SourceVersion "1"]
[SourceVersionDate "1999.11.16"]
[SourceQuality "1"]
[WhiteTeam "Coulsdon"]
[BlackTeam "Kings Head"]
[WhiteTeamCountry "ENG"]
[BlackTeamCountry "ENG"]

1. d4 e6 2. c4 Nf6 3. Nc3 Bb4 4. Nf3 c5 5. dxc5 Bxc3+ 6. bxc3 Qa5 7. e3 Na6 8. Be2 Nxc5 9. 0-0 0-0 10. Nd4 Nfe4 11. Bd2 b6 12. Nb3 Qa4 13. Be1 Ba6 14. f3 Nf6 15. Nxc5 Qxd1 16. Rxd1 bxc5 17. Rd6 Bb7 18. e4 Bc6 19. Bf2 Rfc8 20. e5 Ne8 21. Rd2 f6 22. f4 Rab8 23. Be3 Rb7 24. Bh5 g6 25. Be2 Kf7 26. g4 Be4 27. Kf2 Ke7 28. Rfd1 d6 29. exd6+ Kd7 30. f5 gxf5 31. gxf5 Bxf5 32. Bh6 Rb6 33. Bf8 Be4 34. Ke3 f5 35. Bh5 Nf6 36. Be7 Nxh5 37. Rg1 Rb1 38. Rg5 Re1+ 39. Kf2 Rc1 40. Rxh5 Rxc3 41. Rxh7 Rf3+ 42. Ke2 Rg8 43. Bg5+ Kc6 44. h4 f4 45. Rc7+ Kb6 46. Rb2+ Ka6 47. Rb3 Rxb3 48. axb3 Kb6 49. Bxf4 Bc6 50. b4 Rg2+ 51. Kf1 Rg4 52. Be3 Rxc4 53. bxc5+ Kb5 54. d7 Bxd7 55. Rxd7 Rxh4 56. Rxa7 Rc4 57. Re7 Re4 58. Ke2 Kc6 59. Kf3 Re5 60. Kf4 Rf5+ 61. Ke4 Rf6 62. Ke5 Rf5+ 63. Kxe6 Rf3 64. Bd4 Rf1 65. Rg7 Re1+ 66. Kf7 Rf1+ 67. Ke8 Re1+ 68. Re7 Rd1 69. Re6+ Kc7 70. Be5+ Kc8 71. Rb6 Rd8+ 72. Ke7 Re8+ 73. Kd6 Rg8 74. Kc6 Rg6+ 75. Bd6 1-0

[Event "BCF-chT2 9899 (4NCL)"]
[Site "England"]
[Date "1999.01.24"]
[Round "6.3"]
[White "Dunworth, Christopher"]
[Black "Toothill, John A"]
[Result "1/2-1/2"]
[WhiteElo "2305"]
[BlackElo "2225"]
[PlyCount "52"]
[EventDate "1998.10.??"]
[EventType "team-tourn"]
[EventRounds "11"]
[EventCountry "ENG"]
[SourceTitle "EXT 2000"]
[Source "ChessBase"]
[SourceDate "1999.11.16"]
[SourceVersion "1"]
[SourceVersionDate "1999.11.16"]
[SourceQuality "1"]
[WhiteTeam "Coulsdon"]
[BlackTeam "BCCA"]
[WhiteTeamCountry "ENG"]
[BlackTeamCountry "ENG"]

1. d4 d5 2. Bg5 g6 3. e3 Bg7 4. c4 Nf6 5. cxd5 Nxd5 6. Nc3 0-0 7. Bc4 Nb6 8. Bb3 Na6 9. Nge2 c5 10. dxc5 Nxc5 11. Qxd8 Rxd8 12. Bxe7 Nd3+ 13. Kf1 Re8 14. Ba3 Be6 15. Nc1 Nxc1 16. Rxc1 Rac8 17. Ke2 Nc4 18. Na4 b5 19. Nc5 Bg4+ 20. f3 Rxe3+ 21. Kf2 Bd4 22. Kg3 Nxa3 23. bxa3 Bf5 24. Na6 Rxc1 25. Rxc1 Bb2 26. Rc5 Bxa3 1/2-1/2